| 000 | 00438cam a2200181ua 4500 | ||
|---|---|---|---|
| 020 | _c0.50 | ||
| 041 |
_ahin _h |
||
| 082 |
_a891.54 _bGAN/GO |
||
| 100 | _aGandhiji, . | ||
| 245 |
_aGokhale :mere rajnitik guru / _cGandhiji. _hTextual Documents |
||
| 250 |
_a1 / _b. |
||
| 260 |
_aAhmadabad : _bNavajivan publishing house , _c1955. |
||
| 300 | _a64 ; . | ||
| 365 | _a0.50 | ||
| 504 | _a | ||
| 942 | _cBK | ||
| 999 |
_c3789 _d3789 |
||